Statistics for U.S. States with the Most Roller Coasters

Click here to take the quiz!

General Stats

  • This quiz has been taken 89 times
  • The average score is 9 of 11

Answer Stats

Rank# of coastersAnswer% Correct
186California
100%
2 (T)56Florida
97%
2 (T)56Texas
97%
740Ohio
87%
650New Jersey
82%
455Pennsylvania
81%
551New York
79%
9 (T)24Georgia
77%
9 (T)24Virginia
72%
9 (T)24Illinois
65%
830Missouri
55%

Score Distribution

Percentile by Number Answered

Percent of People with Each Score

Your Score History

You have not taken this quiz